000
003240000a22001450004500
003
MACL
040
_a
MACL
090
_c
32700
_d
32698
100
_a
Jhabvala, Noshirvan H
245
_a
The Negotiable Instruments Act
260
_b
C Jamanadas & Co
_c
1999
350
_a
60
650
_a
Economics
942
_c
BOOK
_k
332.76/JHA
999
_c
32365
_d
32365